000 00480nam a2200169Ia 4500
008 180921t2012 xxu||||| |||| 00| 0 sin d
041 _asin
080 _a598.2
_bKOS
100 _aKossinna, Chintha
245 _aකුරුල්ලෝ : පියාපත් ලද්දෝ
246 _aKurullo : Piyapath Laddo
260 _bVisidunu Prakashana
_aBoralesgamuwa
_c2012
300 _a20, 23 cm
942 _cBK
999 _c13135
_d13135
003 LK-CoDNM
040 _aLK-CoDNM
_dLK-CoDNM
_eLK-CoDNM